| 000 | 00397 a2200145 4500 | ||
|---|---|---|---|
| 999 |
_c8447 _d8447 |
||
| 020 | _a9780636028814 | ||
| 050 | _aPL8745.076 MKH 1996 | ||
| 100 |
_aMkhari, N. B. _eauthor |
||
| 245 |
_aNkhavi wa le ndzhaku / _cN. B. Mkhari |
||
| 264 |
_aCape Town : _bMaskew Miller Longman , _c1996. |
||
| 300 | _a124p. : | ||
| 500 | _aNovel | ||
| 650 | _aTonga---South Africa | ||
| 942 |
_2lcc _cBK _h8745.076 _iMKH _kPL |
||